| 000 | 00843pam a2200253 a 4500 | ||
|---|---|---|---|
| 999 |
_c3789 _d3789 |
||
| 001 | 3369517 | ||
| 003 | GBCCL | ||
| 005 | 20241126110503.0 | ||
| 008 | 871221s1988 mou 000 0 eng | ||
| 010 | _a 87037386 | ||
| 020 |
_a0570030773 : _c$12.95 |
||
| 040 |
_aDLC _cDLC _dDLC |
||
| 050 | 0 | 0 |
_aBT180.P7 _bC37 1988 |
| 082 | 0 | 0 |
_a242.2 _219 _bCAR |
| 100 | 1 |
_aCarter, Stephen J., _d1941- _97465 |
|
| 245 | 1 | 0 |
_aMy daily devotion : _bGod's promises for joyful living / _cStephen J. Carter. |
| 260 |
_aSt. Louis : _bConcordia Pub. House, _c2000, c1988. |
||
| 300 |
_a372 p. ; _c23 cm. |
||
| 650 | 0 |
_aGod (Christianity) _xPromises _vMeditations. _97466 |
|
| 650 | 0 |
_aDevotional calendars _xLutheran Church. _97467 |
|
| 650 | 0 |
_aLutheran Church _vPrayers and devotions. _95922 |
|
| 906 |
_a7 _bcbc _corignew _d1 _eocip _f19 _gy-gencatlg |
||
| 942 |
_2ddc _cBK |
||